| 000 | 00633cam a2200217 4500 | ||
|---|---|---|---|
| 001 | 3593485 | ||
| 005 | 20180316044322.0 | ||
| 008 | 680301s1968 nju b 000 0 eng | ||
| 010 | _a 68015490 | ||
| 035 | _a(DLC) 68015490 | ||
| 040 |
_aDLC _cDLC _dDLC |
||
| 041 | _aeng | ||
| 080 | _a813.52 LOC | ||
| 082 | 0 | 0 | _a813.52 LOC |
| 100 | 1 | _a21 | |
| 101 | _aGJL | ||
| 245 | 1 | 0 |
_aTwentieth century interpretations of The great Gatsby; _cedited by Ernest H. Lockridge. |
| 504 | _aIncludes bibliographical references. | ||
| 906 |
_a7 _bcbc _corignew _du _encip _f19 _gy-gencatlg |
||
| 942 |
_2ddc _cBK |
||
| 999 |
_c45216 _d45216 |
||